Príbeh o stvorení sveta s pohyblivými obrázkami

Bibliographic Details
Other Authors: Endersby, Frank (Illustrator)
Format: Book
Language:Slovak
English
Published: Bratislava Fragment 2014
Edition:1. vyd.
Subjects:

MARC

LEADER 00000nam a2200000 a 4500
001 vtls010654356
003 SK-MaSNL
005 20260331205921.0
008 200104s2014 xo a a 000 j slo
015 |a SNBA2015/03 
020 |a 9788056400241  |q (viaz.) 
035 |a urn:nbn:sk:snk-am00cza8 
035 |a urn:nbn:sk:snk-am3hga4 
035 |a 1EB57208-8A18-407A-BBB4-083D6F636A49 
040 |a SNK  |b slo  |c SNK  |e AACR2 
041 1 |a slo  |h eng 
044 |a xo  |c SK 
072 7 |a 821-93  |x Literatúra pre deti a mládež (beletria)  |2 konspekt 
072 7 |a 2-23/-27  |x Biblia. Biblistika  |2 konspekt 
080 |a 2-172.2  |2 2001 
080 |a 27-181.5  |2 2001 
080 |a 27-236  |2 2001 
080 |a 821-93  |2 2001 
080 |a (0.025.2)  |2 2001 
100 1 |a Endersby, Frank  |4 ill  |9 487629 
245 1 0 |a Príbeh o stvorení sveta  |b s pohyblivými obrázkami  |c Frank Endersby 
250 |a 1. vyd. 
260 |a Bratislava  |b Fragment  |c 2014 
300 |a [8] s.  |b fareb. ilustr.  |c 15 cm 
500 |a Pravdepodobne prel. z angl. 
500 |a Kartónové listy s posuvným mechanizmom 
521 1 |a Pre deti od 3 rokov 
650 0 7 |a stvorenie sveta  |2 SNKPH  |9 1984 
650 0 7 |a Creation of the world  |2 SNKPHeng  |9 339560 
650 0 7 |a stvorenie človeka  |2 SNKPH  |9 49842 
650 0 7 |a Creation of man  |2 SNKPHeng  |9 360744 
650 0 7 |a biblické parafrázy  |2 SNKPH  |9 74940 
650 0 7 |a Biblical paraphrases  |2 SNKPHeng  |9 327285 
655 7 |a publikácie pre deti  |2 SNKPH  |9 70148 
655 7 |a Children's literature  |2 SNKPHeng  |9 276039 
655 7 |a leporelá  |2 SNKPH  |9 60414 
655 7 |a Picture books for children  |2 SNKPHeng  |9 277438 
919 |a 978-80-564-0024-1 
958 |a NT 
958 |a DB 
958 |a UP 
999 |c 755821  |d 757751 
952 |a SNK  |b SNK  |y PREZ  |7 0  |p 17A1138123  |o snkSE 12962  |i snk2015/5442  |8 0  |0 0  |1 0  |4 0  |d 2015-02-13  |f 1  |l 0  |r 2026-02-23 23:47:55  |w 2026-02-23 
952 |a SNK  |b SNK  |y PREZ  |7 0  |p 17A1138122  |o snkSE 12962 D1  |i snk2015/5443  |8 0  |0 0  |1 0  |4 0  |d 2015-02-13  |l 0  |r 2026-02-23 23:47:55  |w 2026-02-23